| 000 | 00658nam a2200229Ia 4500 | ||
|---|---|---|---|
| 003 | OSt | ||
| 005 | 20220927105125.0 | ||
| 006 | a|||||r|||| 00| 0 | ||
| 007 | ta | ||
| 008 | 220926b |||||||| |||| 00| 0 eng d | ||
| 024 | _a187100 | ||
| 037 | _cReference Collections | ||
| 040 |
_aRTL _cRTL _beng |
||
| 041 |
_2eng _aeng |
||
| 082 | _a"U35.192.N8, M4" | ||
| 100 |
_aVikery Margaret L. _9370316 |
||
| 245 | 0 | _aEcology of tropical plants | |
| 260 |
_aLondon _bJohn Wiley & Sons _c1984 |
||
| 300 |
_a"vii, 170p." _ccm. |
||
| 942 |
_h"U35.192.N8, M4" _cCC |
||
| 999 |
_c690767 _d690767 |
||